000 00488cam a22001457a 4500
008 180718b1979 xxu||||| |||| 00| 0 eng d
082 _aT19x5441 P644
245 _aWinners and lossers: style of development and change in an Indian region
_cedited by S. Devadas Pillai and Chris Baks
260 _aBombay
_bPopular
_c1979
300 _a407p.
650 _aSocial change - India - Gujarat
650 _aGujarat - Economic conditios
700 _aNaks, Chris
700 _aPillai, S. Devadas
999 _c351163
_d351163